Introduction to differential equations and dynamical systems
The book integrates many of the classic ideas of differential equations and the more modern study of dynamical systems into an introductory course in differential equations. It also provides a variety of relevant applications of differential equations within framework of a traditional course
Wedi'i Gadw mewn:
| Prif Awdur: | |
|---|---|
| Fformat: | Llyfr |
| Iaith: | Undetermined |
| Cyhoeddwyd: |
New York
McGraw-Hill
1996
|
| Pynciau: | |
| Tagiau: |
Ychwanegu Tag
Dim Tagiau, Byddwch y cyntaf i dagio'r cofnod hwn!
|
| Thư viện lưu trữ: | Trung tâm Học liệu Trường Đại học Cần Thơ |
|---|
| LEADER | 00890nam a2200205Ia 4500 | ||
|---|---|---|---|
| 001 | CTU_32960 | ||
| 008 | 210402s9999 xx 000 0 und d | ||
| 020 | |b 277.300đ | ||
| 082 | |a 515.35 | ||
| 082 | |b W732 | ||
| 100 | |a Williamson, Richard E. | ||
| 245 | 0 | |a Introduction to differential equations and dynamical systems | |
| 245 | 0 | |c Richard E. Williamson | |
| 260 | |a New York | ||
| 260 | |b McGraw-Hill | ||
| 260 | |c 1996 | ||
| 520 | |a The book integrates many of the classic ideas of differential equations and the more modern study of dynamical systems into an introductory course in differential equations. It also provides a variety of relevant applications of differential equations within framework of a traditional course | ||
| 650 | |a Differential dynamical systems,Differential equations | ||
| 904 | |i Minh, 990910 | ||
| 980 | |a Trung tâm Học liệu Trường Đại học Cần Thơ | ||